LEADER 01133nam0-2200313---450- 001 990009847250403321 005 20140611163116.0 035 $a000984725 035 $aFED01000984725 035 $a(Aleph)000984725FED01 035 $a000984725 100 $a20140408d1813----km-y0itay50------ba 101 0 $aita 102 $aIT 105 $ay-------001yy 200 1 $aIscrizioni di monumenti pubblici trovate nelle attuali escavazioni dei medesimi raccolte, supplite, e illustrate dall'A. D. Carlo Fea coomissario delle antichita' ... 210 $aRoma$cNella stamperia di di Lino Contedini$d1813 215 $a16 p.$d21 cm 610 0 $aAntichitą classiche 676 $a930.1 700 1$aFea,$bCarlo$f<1753-1836>$037512 719 00$aContedini,$gLino$4650 801 0$aIT$bUNINA$gRICA$2UNIMARC 901 $aAQ 912 $a990009847250403321 952 $aSG 900/B 130 (B)$bARCH. 11914$fFLFBC 959 $aFLFBC 996 $aIscrizioni di monumenti pubblici trovate nelle attuali escavazioni dei medesimi raccolte, supplite, e illustrate dall'A. D. Carlo Fea coomissario delle antichita' ..$9826166 997 $aUNINA LEADER 01362nam2-2200385---450- 001 990003406710203316 005 20100601091234.0 010 $a978-88-387-4982-5 035 $a000340671 035 $aUSA01000340671 035 $a(ALEPH)000340671USA01 035 $a000340671 100 $a20100601d2009----km-y0itay50------ba 101 $aita 102 $aIT 105 $a||||||||001yy 200 1 $a<> nuovo processo di cognizione dopo la riforma 2009$eaggiornato con la riforma del processo civile legge 18 giugno 2009, n. 69 (s.o. n. 95/L in G.U. n. 140 del 19 giugno 2009)$fDamiano Marinelli, Laura Biarella, Andrea Castellini 210 $aSantarcangelo di Romagna$cMaggioli$d2009 215 $a251 p.$d24 cm 225 2 $aLegale$v198 410 0$1001000314508$12001$aLegale$v, 198 606 0 $aProcesso di cognizione$yItalia$2BNCF 676 $a347.45072 700 1$aMARINELLI,$bDamiano$0605709 701 1$aBIARELLA,$bLaura$0607784 701 1$aCASTELLINI,$bAndrea$0607785 801 0$aIT$bsalbc$gISBD 912 $a990003406710203316 951 $aXXX.A. Coll. 99/ 60$b64661 G.$cXXX.A. Coll.$d00259034 959 $aBK 969 $aGIU 979 $aIANNONE$b90$c20100601$lUSA01$h0911 979 $aIANNONE$b90$c20100601$lUSA01$h0912 996 $aNuovo processo di cognizione dopo la riforma 2009$91125898 997 $aUNISA LEADER 03649oam 2200829M 450 001 9910715884403321 005 20191123063211.5 035 $a(CKB)5470000002515237 035 $a(OCoLC)1065813543 035 $a(OCoLC)995470000002515237 035 $a(EXLCZ)995470000002515237 100 $a20070221d1856 ua 0 101 0 $aeng 135 $aurcn||||||||| 181 $ctxt$2rdacontent 182 $cc$2rdamedia 183 $acr$2rdacarrier 200 10$aIn the Senate of the United States. August 11, 1856. -- Ordered to be printed, together with the views of the minority. Mr. Douglas made the following report. (To accompany Bill H.R. 75.) The Committee on Territories, to whom was referred a bill from the House of Representatives, for "An Act To Reorganize the Territory of Kansas, and for Other Purposes," beg leave to report .. 210 1$a[Washington, D.C.] :$c[publisher not identified],$d1856. 215 $a1 online resource (16 pages) 225 1 $aSenate report / 34th Congress, 1st session. Senate ;$vno. 282 225 1 $a[United States congressional serial set ] ;$v[serial no. 837] 300 $aTitle from opening lines of text. 300 $aMinority report, p. 12. 300 $aBatch processed record: Metadata reviewed, not verified. Some fields updated by batch processes. 300 $aFDLP item number not assigned. 517 $aIn the Senate of the United States. August 11, 1856. -- Ordered to be printed, together with the views of the minority. Mr. Douglas made the following report. 606 $aCriminal justice, Administration of 606 $aBoundaries 606 $aConstitutional law 606 $aCrime 606 $aCriminals 606 $aIntergovernmental fiscal relations 606 $aFugitive slaves 606 $aIndians of North America$xLand tenure 606 $aIndians$vTreaties 606 $aJurisdiction 606 $aSquatter sovereignty 606 $aSlavery$zUnited States$xExtension to the territories 606 $aSlavery 606 $aSlavery$zUnited States$xStates 606 $aEnslaved persons$zUnited States 606 $aSlavery$zUnited States 607 $aUnited States$xTerritories and possessions$xPolitics and government 607 $aUnited States$xInsular possessions$xPolitics and government 608 $aLegislative materials.$2lcgft 615 0$aCriminal justice, Administration of. 615 0$aBoundaries. 615 0$aConstitutional law. 615 0$aCrime. 615 0$aCriminals. 615 0$aIntergovernmental fiscal relations. 615 0$aFugitive slaves. 615 0$aIndians of North America$xLand tenure. 615 0$aIndians 615 0$aJurisdiction. 615 0$aSquatter sovereignty. 615 0$aSlavery$xExtension to the territories. 615 0$aSlavery. 615 0$aSlavery$xStates. 615 0$aEnslaved persons 615 0$aSlavery 701 $aCollamer$b Jacob$f1791-1865$pOpposition (VT)$01401854 701 $aDouglas$b Stephen A$g(Stephen Arnold),$f1813-1861$pDemocrat (IL)$0814014 801 0$bWYU 801 1$bWYU 801 2$bOCLCO 801 2$bOCLCQ 906 $aBOOK 912 $a9910715884403321 996 $aIn the Senate of the United States. August 11, 1856. -- Ordered to be printed, together with the views of the minority. Mr. Douglas made the following report. (To accompany Bill H.R. 75.) The Committee on Territories, to whom was referred a bill from the House of Representatives, for "An Act To Reorganize the Territory of Kansas, and for Other Purposes," beg leave to report .$93471136 997 $aUNINA